[Event "Preinscritos IRT Online"]
[Site "Chess.com INT"]
[Date "2020.12.26"]
[Round "4"]
[White "Abad Guzman, Maholy Saray"]
[Black "Romero Bedon, Sebastian Alejandro"]
[Result "0-1"]
[WhiteElo "1324"]
[BlackElo "1610"]
[PlyCount "142"]
[EventDate "2020.12.26"]
[EventType "swiss"]
[EventRounds "11"]
[EventCountry "ECU"]
[SourceTitle "CBM 200 Extra"]
[Source "ChessBase"]
[SourceDate "2021.03.31"]
[SourceVersion "1"]
[SourceVersionDate "2021.03.31"]
[SourceQuality "1"]

1. e4 e5 2. Nf3 Nc6 3. d4 exd4 4. Nxd4 Bc5 5. Nxc6 bxc6 6. Bc4 Qf6 7. Qf3 d5 8. exd5 cxd5 9. Bxd5 Qe7+ 10. Be3 Bxe3 11. Qxe3 Qxe3+ 12. fxe3 Rb8 13. b3 Nf6 14. Bc4 Bf5 15. Bd3 Bxd3 16. cxd3 0-0 17. 0-0 Nd5 18. e4 Ne3 19. Nd2 Nxf1 20. Rxf1 Rfd8 21. Rf3 Rb5 22. Nc4 a5 23. Kf2 a4 24. bxa4 Rh5 25. h3 Rh6 26. Ne5 Rf6 27. a5 Ra8 28. Rxf6 gxf6 29. Nd7 Rxa5 30. Nxf6+ Kg7 31. Ne8+ Kf8 32. Nxc7 Rxa2+ 33. Kf3 Rc2 34. Nd5 Rd2 35. g4 Rxd3+ 36. Ne3 Ke7 37. Kf4 Ke6 38. h4 Kf6 39. Nd5+ Kg7 40. g5 Rd1 41. Ne3 Rh1 42. Kg4 Rg1+ 43. Kf3 Rh1 44. Kg3 Re1 45. Kf2 Rh1 46. Kg3 Ra1 47. h5 Ra3 48. Kf4 Ra4 49. Nd5 h6 50. gxh6+ Kxh6 51. Ne7 Kxh5 52. Kf5 Kh6 53. e5 Ra1 54. Nd5 Rf1+ 55. Ke4 Kg7 56. Ne3 Rh1 57. Nf5+ Kg6 58. Ne7+ Kg7 59. Nf5+ Kf8 60. Kd5 Rf1 61. Nd6 f5 62. Nxf5 Rxf5 63. Ke6 Rf1 64. Kd7 Re1 65. e6 Re2 66. Kd6 Re3 67. Kd7 Re2 68. Kd6 Re1 69. Kd5 Ke8 70. Kd6 Re2 71. Kd5 Ke7 0-1

[Event "Preinscritos IRT Online"]
[Site "Chess.com INT"]
[Date "2020.12.26"]
[Round "2"]
[White "Romero Bedon, Sebastian Alejandro"]
[Black "Revelo Olalla, Julian Alejandro"]
[Result "1-0"]
[WhiteElo "1610"]
[BlackElo "1120"]
[PlyCount "35"]
[EventDate "2020.12.26"]
[EventType "swiss"]
[EventRounds "11"]
[EventCountry "ECU"]
[SourceTitle "CBM 200 Extra"]
[Source "ChessBase"]
[SourceDate "2021.03.31"]
[SourceVersion "1"]
[SourceVersionDate "2021.03.31"]
[SourceQuality "1"]

1. e4 e5 2. Nf3 Nc6 3. Bc4 Bc5 4. d3 Nf6 5. Nc3 0-0 6. h3 d6 7. g4 h6 8. g5 hxg5 9. Bxg5 g6 10. Nd5 Nd4 11. Nxf6+ Kh8 12. Nxd4 Bxd4 13. c3 Bc5 14. h4 Be6 15. h5 Bxc4 16. hxg6+ Kg7 17. Rh7+ Kxg6 18. Qh5# 1-0